00334nam a2200133Ia 4500003000900000008004100009040001300050040001300063245007900076245001100155260002000166300000800186490000600194IT-RoPAU120407s9999 xx 000 0 und d aIT-RoPAU cIT-RoPAU aEncicliche, allocuzioni e messaggi sociali di Leone XIII, Pio XI e Pio XII cAA.VV. aVita e Pensiero c cm v1